000
00306nam a22001337a 4500
008
190305b xxu||||| |||| 00| 0 eng d
020
_a
9780136298410
041
_a
eng
080
_a
004
100
_a
28
101
_a
SHK
245
_a
Object-Oriented modeling and design
_c
Rumbaugh,J
942
_2
udc
_c
BK
999
_c
54543
_d
54543